<?xml version="1.0" encoding="UTF-8"?><?xml-stylesheet type="text/xsl" href="static/style.xsl"?><OAI-PMH xmlns="http://www.openarchives.org/OAI/2.0/" xmlns:xsi="http://www.w3.org/2001/XMLSchema-instance" xsi:schemaLocation="http://www.openarchives.org/OAI/2.0/ http://www.openarchives.org/OAI/2.0/OAI-PMH.xsd"><responseDate>2026-04-27T21:23:41Z</responseDate><request verb="GetRecord" identifier="oai:uvadoc.uva.es:10324/75236" metadataPrefix="marc">https://uvadoc.uva.es/oai/request</request><GetRecord><record><header><identifier>oai:uvadoc.uva.es:10324/75236</identifier><datestamp>2025-06-10T11:50:00Z</datestamp><setSpec>com_10324_7492</setSpec><setSpec>com_10324_952</setSpec><setSpec>com_10324_894</setSpec><setSpec>col_10324_7493</setSpec></header><metadata><record xmlns="http://www.loc.gov/MARC21/slim" xmlns:doc="http://www.lyncode.com/xoai" xmlns:xsi="http://www.w3.org/2001/XMLSchema-instance" xmlns:dcterms="http://purl.org/dc/terms/" xsi:schemaLocation="http://www.loc.gov/MARC21/slim http://www.loc.gov/standards/marcxml/schema/MARC21slim.xsd">
<leader>00925njm 22002777a 4500</leader>
<datafield tag="042" ind1=" " ind2=" ">
<subfield code="a">dc</subfield>
</datafield>
<datafield tag="720" ind1=" " ind2=" ">
<subfield code="a">Desisa, Buzayehu</subfield>
<subfield code="e">author</subfield>
</datafield>
<datafield tag="720" ind1=" " ind2=" ">
<subfield code="a">Muleta, Diriba</subfield>
<subfield code="e">author</subfield>
</datafield>
<datafield tag="720" ind1=" " ind2=" ">
<subfield code="a">Jida, Mulissa</subfield>
<subfield code="e">author</subfield>
</datafield>
<datafield tag="720" ind1=" " ind2=" ">
<subfield code="a">Dejene Bekele, Tatek</subfield>
<subfield code="e">author</subfield>
</datafield>
<datafield tag="720" ind1=" " ind2=" ">
<subfield code="a">Goshu, Abayneh</subfield>
<subfield code="e">author</subfield>
</datafield>
<datafield tag="720" ind1=" " ind2=" ">
<subfield code="a">Negi, Tadesse</subfield>
<subfield code="e">author</subfield>
</datafield>
<datafield tag="720" ind1=" " ind2=" ">
<subfield code="a">Martín Pinto, Pablo</subfield>
<subfield code="e">author</subfield>
</datafield>
<datafield tag="260" ind1=" " ind2=" ">
<subfield code="c">2024</subfield>
</datafield>
<datafield tag="520" ind1=" " ind2=" ">
<subfield code="a">Despite being extensively studied as a white-rot fungus, there have been no efforts to explore and cultivate the high-yielding&#xd;
wild Trametes versicolor strains in Ethiopia. Thus, this study was initiated to assess the growth performance of T. versi-&#xd;
color on various growth media. Accordingly, ten substrates (S1–S10) were formulated by a combination of agro-industrial&#xd;
by-products that mainly constituted sugarcane wastes and animal manures. The effect of substrates on yields, biological&#xd;
efficiencies, and nutritional compositions was examined. The mushroom developed a white mycelium on the growth media.&#xd;
T. versicolor cultivated on the S5 blend, comprising 80% sugarcane bagasse, 12% horse manure, and 8% poultry manure,&#xd;
exhibited the most substantial fruiting body yield (158.33 g/500 g bag) and the highest biological efficiency (31.5%), with an&#xd;
optimal C:N ratio of 31:1. It has shown good mycelial growth, short colonization, and short pinhead formation time compared&#xd;
to other substrates. S7, lacking nitrogen supplementation, yielded low biological efficiency and fruiting bodies at 11.50%&#xd;
and 57.67%, respectively. The crude protein, fiber, low fat, and carbohydrate content ranged from 7.46 to 14.65%, 12.89 to&#xd;
18.38%, 0.42 to 0.53%, and 48.75 to 66.75%, respectively. Notably, the highest nutritional values, excluding carbohydrates,&#xd;
were obtained from S5, while the sugarcane bagasse had the highest carbohydrate content among substrates. Consequently,&#xd;
S5 emerged as a suitable medium for cultivating wild T. versicolor mushrooms, particularly in regions abundant in poultry,&#xd;
horse manures, and sugarcane bagasse. Therefore, S5 represents an optimal substrate for T. versicolor cultivation, offering&#xd;
improved productivity and nutritional quality at reduced costs.</subfield>
</datafield>
<datafield tag="024" ind2=" " ind1="8">
<subfield code="a">Mycological Progress, 2024, vol. 23, n. 1</subfield>
</datafield>
<datafield tag="024" ind2=" " ind1="8">
<subfield code="a">1617-416X</subfield>
</datafield>
<datafield tag="024" ind2=" " ind1="8">
<subfield code="a">https://uvadoc.uva.es/handle/10324/75236</subfield>
</datafield>
<datafield tag="024" ind2=" " ind1="8">
<subfield code="a">10.1007/s11557-024-01993-x</subfield>
</datafield>
<datafield tag="024" ind2=" " ind1="8">
<subfield code="a">1</subfield>
</datafield>
<datafield tag="024" ind2=" " ind1="8">
<subfield code="a">Mycological Progress</subfield>
</datafield>
<datafield tag="024" ind2=" " ind1="8">
<subfield code="a">23</subfield>
</datafield>
<datafield tag="024" ind2=" " ind1="8">
<subfield code="a">1861-8952</subfield>
</datafield>
<datafield tag="245" ind1="0" ind2="0">
<subfield code="a">Domestication of wild-growing Turkey tail mushroom (Trametes versicolor) from Ethiopian forests on augmented agro-industrial byproducts</subfield>
</datafield>
</record></metadata></record></GetRecord></OAI-PMH>